Využitie predikčných modelov finančnej analýzy v podmienkach konkrétneho podniku bakalárska práca

Saved in:
Bibliographic Details
Main Author: Murániová, Tatiana
Corporate Author: Podnikovohospodárska fakulta EU so sídlom v Košiciach. Katedra účtovníctva a financií
Other Authors: Beslerová, Stela
Format: Book
Language:Slovak
Published: Košice 2014
Tags: Add Tag
No Tags, Be the first to tag this record!

MARC

LEADER 00000nbm a2200000 4500
001 0189139
005 20170201084946.5
041 0 |a slo 
044 |a SK 
245 1 0 |a Využitie predikčných modelov finančnej analýzy v podmienkach konkrétneho podniku  |b bakalárska práca  |c Tatiana Murániová ; školiteľ: Stela Beslerová 
264 1 |a Košice  |c 2014 
300 |a 50 s. 
100 1 |a Murániová, Tatiana 
700 1 |a Beslerová, Stela 
710 2 |a Podnikovohospodárska fakulta EU so sídlom v Košiciach. Katedra účtovníctva a financií